01001cam a2200289 a 450000100100000000500170001000800410002702000150006804000300008304100380011308200240015110000330017524000310020824500740023925000110031326000330032430000210035753400390037865000310041765000350044870000360048391000340051991000070055304900090056095201270056999900150069600000363520200929150518.0950217s1998 sp 000 f spa d a8408023438 aDO-SdBNPcDLCdOCoLCdDLC17aspaheng2Código de idioma MARC a813.54bG696d, 19981 aGould, Judith,d1945-91115710aToo damn rich.lEspañol.10aDemaciado dinero /cJudith Gould ; traducción de Josefina Guerrero. a2a ed. aBarcelona :bPlaneta,c1998. a526 p. ;c24 cm. aTítulo original:tToo damn rich. 4aNovela estadounidense9262 4aLiteratura estadounidense92631 aGuerrero, Josefina,etr.911160 aCatalogación por copia / LC aWM aBNGR 001052708MOaGRbGRcHDd2009-07-11iLF1l0o813.54 G696d, 1998p3635-10r2020-06-25w2020-06-25y2ZPréstamo interno c3458d3458